000
00222nam a22000857a 4500
999
_c
11152
_d
11152
008
180926b ||||| |||| 00| 0 eng d
100
_a
Nita, Mehta
_9
6915
245
_a
Mughalai
260
_a
New Delhi
_b
Nita mehta publishers
_c
2008